书目信息 |
| 题名: |
今日简史
|
|
| 作者: | 赫拉利 著 ;林俊宏 译 | |
| 分册: | ||
| 出版信息: | 北京 中信出版集团股份有限公司 2018.08 |
|
| 页数: | 10, 353页 | |
| 开本: | 23cm | |
| 丛书名: | ||
| 单 册: | ||
| 中图分类: | K02-49 | |
| 科图分类: | ||
| 主题词: | 社会发展史--研究 | |
| 电子资源: | ||
| ISBN: | 978-7-5086-9209-8 | |
| 000 | 01223nam0 2200277 450 | |
| 001 | 0108153916 | |
| 005 | 20210308154404.0 | |
| 010 | @a978-7-5086-9209-8@dCNY68.00 | |
| 100 | @a20210307e20202018em y0chiy50 ea | |
| 101 | 1 | @achi@cheb |
| 102 | @aCN@b110000 | |
| 105 | @ay z 000yy | |
| 106 | @ar | |
| 200 | 1 | @a今日简史@Ajin ri jian shi@d21 Lessons for the 21st century@e人类命运大议题@f(以)尤瓦尔·赫拉利(Yuval Noah Harari)著@g林俊宏译@zeng |
| 210 | @a北京@c中信出版集团股份有限公司@d2018.08@h2020.09 | |
| 215 | @a10, 353页@d23cm | |
| 305 | @a台湾远见天下文化出版股份有限公司授权出版 | |
| 330 | @a本书共分五部分,第一部分点出我们面临的挑战后,第二部分探讨各种可能的响应。第三部分讲述如何应对恐怖主义的威胁、全球战争的危险,以及引发这些冲突的偏见和仇恨。第四部分试图回答几个问题:我们究竟对全球化发展有多少理解,又是否真能明辨是非?智人真的能够理解自己所创造的世界吗?等等。 | |
| 510 | 1 | @a21 Lessons for the 21st century@zeng |
| 517 | 1 | @a人类命运大议题@Aren lei ming yun da yi ti |
| 606 | 0 | @a社会发展史@x研究 |
| 690 | @aK02-49@v5 | |
| 701 | 0 | @a赫拉利@Ahe la li@4著@c(以)@c(Harari, Yuval Noah) |
| 702 | 0 | @a林俊宏@Alin jun hong@4译 |
| 801 | 0 | @aCN@bBJSZM@c20210308 |
| 905 | @b1273055-8@dK02-49@e149@f4 | |
| 今日简史=21 Lessons for the 21st century:人类命运大议题/(以)尤瓦尔·赫拉利(Yuval Noah Harari)著/林俊宏译.-北京:中信出版集团股份有限公司,2018.08(2020.09) |
| 10, 353页;23cm |
| ISBN 978-7-5086-9209-8:CNY68.00 |
| 本书共分五部分,第一部分点出我们面临的挑战后,第二部分探讨各种可能的响应。第三部分讲述如何应对恐怖主义的威胁、全球战争的危险,以及引发这些冲突的偏见和仇恨。第四部分试图回答几个问题:我们究竟对全球化发展有多少理解,又是否真能明辨是非?智人真的能够理解自己所创造的世界吗?等等。 |
| ● |
| 相关链接 |
|
|
|
|
正题名:今日简史
索取号:K02-49/149
 
预约/预借
| 序号 | 登录号 | 条形码 | 馆藏地/架位号 | 状态 | 备注 |
| 1 | 1273055 | 212730552 | 第二样本阅览室/ [索取号:K02-49/149] | 在馆 | |
| 2 | 1273056 | 212730561 | 教育系资料室/ [索取号:K02-49/149] | 在馆 | |
| 3 | 1273057 | 212730570 | 教育系资料室/ [索取号:K02-49/149] | 在馆 | |
| 4 | 1273058 | 212730589 | 第二借阅区/ [索取号:K02-49/149] | 在馆 |